000 00736nam a2200265Ia 4500
003 OSt
005 20220925223419.0
006 a|||||r|||| 00| 0
007 ta
008 220923b |||||||| |||| 00| 0 eng d
020 _a0415701554
037 _cGeneral Book
040 _aRTL
_cRTL
_beng
041 _2eng
_aeng
082 _aY31-9(J).58.N, P5
100 _aWEGREN Stephen K Ed.
_9289608
245 0 _aRural adaptation in Russia
260 _aLondon
_bRoutledge
_c2005
300 _a237p
_ccm.
490 _aLibrary of Peasant Studies
500 _aBibliography chapterwise
650 _aSociology
942 _hY31-9(J).58.N, P5
_cGB
_2CC
999 _c579489
_d579489